00984nac a22002777a 4500001001000000003000900010005001700019008003400036040005400070072001300124100001900137100001600156100001400172110010700186245013000293260004000423300000900463490012000472500002300592650001000615650001300625650002000638650001400658650001200672650002200684BR6900468BR-BrBNA20240105113343.0230509b bl.|||m| |||| 00| 0 por d aBR-BrBNAbporcBiblioteca Nacional de Agricultura aF25; F001 aMielniczuk, J.1 aLudwick, A.1 aBohen, H.1 aUniversidade Federal do Rio Grande do Sul, Porto Alegre (Brasil). Faculdade de Agronomia e Veterinaria1 aRecomendacoes de adubo e calcario para os solos e culturas do Rio Grande do Sul [analise do solo, corretivo, plantio, Brasil]3 aPorto Alegre, RS (Brasil): c1969.  a9 p. aBoletim Tecnico - Universidade Federal do Rio Grande do Sul. Faculdade de Agronomia e Veterinaria (Brazil)vno. 2x a5 tables; 6 illus. aADUBO aCALCARIO aANALISE DO SOLO aCORRETIVO aPLANTIO aRIO GRANDE DO SUL